Statistics for Top 50 Most memorable people in History

Click here to take the quiz!

General Stats

  • This quiz has been taken 91 times
  • The average score is 32 of 50

Answer Stats

#AnswerOcuupationYear Of birthCountry% Correct
3JesusRELIGIOUS FIGURE4 BCIsrael / Palestine
100%
1
Muhammad
RELIGIOUS FIGURE570Saudi Arabia
96%
33Mary, mother of JesusRELIGIOUS FIGURE100 BCIsrael / Palestine
96%
8Ludwig van BeethovenCOMPOSER1770Germany
93%
16Christopher ColumbusEXPLORER1451Italy
89%
14Adolf HitlerPOLITICIAN1889Austria
88%
4Genghis KhanMILITARY PERSONNEL1162Mongolia
86%
2Isaac NewtonPHYSICIST1643United Kingdom
86%
19Julius CaesarPOLITICIAN100 BCItaly
86%
5Leonardo da VinciINVENTOR1452Italy
86%
11Galileo GalileiASTRONOMER1564Italy
83%
17Albert EinsteinPHYSICIST1879Germany
82%
15Wolfgang Amadeus MozartCOMPOSER1756Austria
82%
7PlatoPHILOSOPHER427 BCGreece
81%
13SocratesPHILOSOPHER470 BCGreece
80%
6AristotlePHILOSOPHER384 BCGreece
78%
12NapoleonPOLITICIAN1769France
78%
20Johann Sebastian BachCOMPOSER1685Germany
77%
21Martin LutherRELIGIOUS FIGURE1483Germany
75%
34Thomas EdisonINVENTOR1847United States
75%
10Alexander the GreatMILITARY PERSONNEL356 BCGreece
72%
36William ShakespeareWRITER1564United Kingdom
70%
42Charles DarwinBIOLOGIST1809United Kingdom
69%
48CleopatraPOLITICIAN69 BCEgypt
67%
37Joseph StalinPOLITICIAN1879Georgia
67%
32MichelangeloPAINTER1475Italy
67%
47Vincent van GoghPAINTER1853Netherlands
67%
23ConfuciusPHILOSOPHER551 BCChina
61%
9Marco PoloEXPLORER1254Italy
61%
41Nikola TeslaINVENTOR1856Croatia
61%
38Gautama BuddhaPHILOSOPHER566 BCNepal
60%
46Vasco da GamaEXPLORER1460Portugal
58%
28HomerWRITER800 BCGreece
57%
31Karl MarxECONOMIST1818Germany
57%
27Adam SmithECONOMIST1723United Kingdom
55%
26Nicolaus CopernicusASTRONOMER1473Poland
55%
49Vladimir LeninPOLITICIAN1870Russia
55%
40Marie CuriePHYSICIST1867Poland
52%
25Ferdinand MagellanEXPLORER1480Portugal
49%
43Che GuevaraSOCIAL ACTIVIST1928Argentina
46%
18MosesRELIGIOUS FIGURE1393 BCEgypt
45%
24ArchimedesMATHEMATICIAN287 BCItaly
41%
45Elizabeth IINOBLEMAN1926United Kingdom
41%
29PythagorasPHILOSOPHER570 BCGreece
40%
35René DescartesPHILOSOPHER1596France
36%
44Dante AlighieriWRITER1265Italy
35%
39Immanuel KantPHILOSOPHER1724Russia
33%
22AbrahamRELIGIOUS FIGURE1813 BCIraq
31%
50Jean-Jacques RousseauPHILOSOPHER1712Switzerland
30%
30Louis XIV of FrancePOLITICIAN1638France
7%

Score Distribution

Percentile by Number Answered

Percent of People with Each Score

Your Score History

You have not taken this quiz